Una nueva regulación de la participación de los acreedores en el proceso concursal (Registro nro. 21057)

Detalles MARC
000 -LEADER
fixed length control field 00378 a2200109 4500
001 - CONTROL NUMBER
control field ART_42213
005 - DATE AND TIME OF LATEST TRANSACTION
control field 20260410161806.0
008 - FIXED-LENGTH DATA ELEMENTS--GENERAL INFORMATION
fixed length control field 260409a
100 1# - MAIN ENTRY--PERSONAL NAME
Personal name Arduino, Augusto H.L.
245 10 - TITLE STATEMENT
Title Una nueva regulación de la participación de los acreedores en el proceso concursal
773 0# - HOST ITEM ENTRY
Title Doctrina Societaria y Concursal
Related parts - Nº 294 (may. 2012)
Record control number REV4298

No hay ítems disponibles.